| 000 | 00884na a2200241 4500 | ||
|---|---|---|---|
| 001 | 18943 | ||
| 003 | MIRAKIL | ||
| 005 | 20181213155145.0 | ||
| 008 | 161205b tu 000 0 | ||
| 035 | _a18943 | ||
| 040 |
_aMilas _btur _cTR-AnCHP |
||
| 041 | _atur | ||
| 082 |
_a352.0956422 _bA22 [2013] |
||
| 090 | _a352.0956422 A22 [2013] | ||
| 245 |
_aAdana Büyükşehir Belediyesi "gençlerimiz geleceğimizdir" düşüncesinden hareketle kentte faaliyet gösteren tüm spor kulüplerine ve amatör spora destek vermektedir 2010-2013 _cAdana Büyükşehir Belediyesi |
||
| 260 |
_aAdana _bAdana Büyükşehir Belediyesi _c[2013] |
||
| 300 |
_a234 s. _bfotoğ.,tbl.; _c28 sm |
||
| 650 |
_aSpora destek _zAdana |
||
| 650 |
_aYerel yönetimler _xDestekler _zAdana |
||
| 651 |
_aAdana _xSpor kulüpleri _y2010-2013 |
||
| 651 |
_aAdana _y2010-2013 _zAmatör sporlar |
||
| 942 |
_2ddc _cBKS |
||
| 999 |
_c7640 _d7640 |
||